[Event "SG Bochum 2 - SV Welper 1"]
[Site "NRW-Klasse - Gruppe 1 2019/20"]
[Date "2019.09.08"]
[Round "1.2"]
[White "Wuebker, Paul-Luca"]
[Black "Sohlmann, Jan-Henning"]
[Result "0-1"]
[WhiteElo "2069"]
[BlackElo "2172"]
[PlyCount "132"]
[EventDate "2019.??.??"]
[SourceVersionDate "2020.03.16"]
[WhiteTeam "SG Bochum 2"]
[BlackTeam "SV Welper 1"]

1. d4 d6 2. e4 g6 3. c4 Bg7 4. Nc3 Nf6 5. f3 O-O 6. Be3 c5 7. dxc5 dxc5 8. Qxd8
Rxd8 9. Bxc5 Nc6 10. Nge2 Nd7 11. Be3 Nde5 12. Nf4 Na5 13. Nfd5 Naxc4 14. Nxe7+
Kh8 15. Bc1 Be6 16. Ned5 Rac8 17. Be2 b5 18. Rb1 a5 19. f4 b4 20. fxe5 bxc3 21.
bxc3 Bxe5 22. O-O Nd6 23. Bg5 Re8 24. Nf6 Rf8 25. c4 Nxc4 26. Bg4 Nd6 27. Kh1
Bxa2 28. Bxc8 Bxb1 29. Nd7 Rxc8 30. Nxe5 Nxe4 31. Nxf7+ Kg7 32. Bh6+ Kg8 33.
Ne5 Ba2 34. Nc6 Re8 35. Nxa5 Nf2+ 36. Kg1 Ng4 37. Bf4 Bd5 38. Rd1 Re2 39. h3
Rxg2+ 40. Kf1 Rf2+ 41. Kg1 Be4 42. Rd8+ Kf7 43. hxg4 Rxf4 44. Nc4 Rxg4+ 45. Kf2
Ke7 46. Rh8 h5 47. Ne5 Rg5 48. Rh7+ Ke6 49. Nd7 Rf5+ 50. Ke3 Bc6 51. Nb6 Rf6
52. Nc8 Kf5 53. Ne7+ Kg4 54. Nxc6 Rxc6 55. Kf2 Rc2+ 56. Kf1 Kg3 57. Ra7 Rc1+
58. Ke2 Rc5 59. Kf1 g5 60. Ra3+ Kh2 61. Ra2+ Kh1 62. Kf2 g4 63. Kg3 Rc3+ 64.
Kh4 Rh3+ 65. Kg5 g3 66. Ra1+ Kh2 0-1

[Event "SG Bochum 2 - SV Welper 1"]
[Site "NRW-Klasse - Gruppe 1 2019/20"]
[Date "2019.09.08"]
[Round "1.3"]
[White "Kemna, Guido"]
[Black "Biermann, Lenhard"]
[Result "0-1"]
[WhiteElo "2135"]
[BlackElo "2025"]
[PlyCount "72"]
[EventDate "2019.??.??"]
[SourceVersionDate "2020.03.16"]
[WhiteTeam "SV Welper 1"]
[BlackTeam "SG Bochum 2"]

1. e4 e6 2. d4 d5 3. Be3 dxe4 4. Nd2 Nf6 5. c3 Be7 6. Qc2 Nd5 7. Bc4 f5 8. Ne2
O-O 9. g3 Nd7 10. O-O-O N7f6 11. h3 c6 12. g4 b5 13. Bb3 a5 14. gxf5 exf5 15.
a3 Kh8 16. Rdg1 b4 17. cxb4 axb4 18. a4 Ba6 19. Nc4 c5 20. Kb1 Qc7 21. Rc1 f4
22. Bd2 Bb7 23. Ne5 e3 24. f3 exd2 25. Qxd2 Rac8 26. Nxf4 Nxf4 27. Qxf4 Bd6 28.
Qg5 Bxe5 29. dxe5 Nd5 30. Rhg1 Qe7 31. Qg3 Nf4 32. Rce1 c4 33. Bc2 c3 34. b3
Rcd8 35. Be4 Rd2 36. Bxb7 Qxb7 0-1

[Event "SG Bochum 2 - SV Welper 1"]
[Site "NRW-Klasse - Gruppe 1 2019/20"]
[Date "2019.09.08"]
[Round "1.4"]
[White "Biermann, Florian"]
[Black "Schaller, Fabian"]
[Result "1-0"]
[WhiteElo "2039"]
[BlackElo "2036"]
[PlyCount "85"]
[EventDate "2019.??.??"]
[SourceVersionDate "2020.03.16"]
[WhiteTeam "SG Bochum 2"]
[BlackTeam "SV Welper 1"]

1. c4 Nf6 2. g3 g6 3. Bg2 Bg7 4. Nc3 O-O 5. d3 c5 6. e4 Nc6 7. Nge2 Ne8 8. Be3
d6 9. O-O Nc7 10. d4 cxd4 11. Nxd4 Ne6 12. Nde2 Bd7 13. f4 Rc8 14. Rc1 Na5 15.
b3 Nc5 16. e5 dxe5 17. b4 Nxc4 18. Bxc5 b6 19. Bf2 exf4 20. Nxf4 Bf5 21. Qxd8
Rfxd8 22. Ncd5 Kf8 23. Ne3 Nxe3 24. Bxe3 Bb2 25. Rc6 Ba3 26. b5 Bd7 27. Ne6+
Bxe6 28. Rxe6 Rc2 29. Rc6 Bc5 30. Bxc5 bxc5 31. Rf2 Rd1+ 32. Bf1 Rxf2 33. Kxf2
Rd2+ 34. Be2 Rxa2 35. Rc8+ Kg7 36. Rxc5 Kf6 37. Rc6+ Ke5 38. Rc8 Kd6 39. Ra8
Kc7 40. Rf8 f5 41. Rf7 Kd6 42. Rxh7 e6 43. Rg7 1-0

[Event "SG Bochum 2 - SV Welper 1"]
[Site "NRW-Klasse - Gruppe 1 2019/20"]
[Date "2019.09.08"]
[Round "1.5"]
[White "Linde, Wolfgang"]
[Black "Butschek, Marc"]
[Result "0-1"]
[WhiteElo "2098"]
[BlackElo "2023"]
[Annotator "Daniel"]
[PlyCount "72"]
[EventDate "2019.??.??"]
[SourceVersionDate "2020.03.16"]
[WhiteTeam "SV Welper 1"]
[BlackTeam "SG Bochum 2"]

1. e4 e6 2. d4 d5 3. Nd2 Nf6 4. e5 Ne4 5. Nxe4 dxe4 6. Bc4 c5 7. d5 exd5 8.
Qxd5 Qxd5 9. Bxd5 Nc6 10. Bf4 Bf5 11. O-O-O O-O-O 12. h3 Bg6 13. Ne2 Nd4 14.
Nxd4 Rxd5 15. Nb5 Rxd1+ 16. Rxd1 a6 17. Nc3 Be7 18. Re1 Bh4 19. g3 Bd8 20. Nxe4
b6 21. Bd2 Kd7 22. c4 Kc6 23. Bc3 Bf5 24. h4 Bc7 25. Ng5 Bg6 26. Nh3 b5 27.
cxb5+ axb5 $11 28. a3 Rb8 29. Nf4 Bf5 30. f3 b4 31. axb4 cxb4 32. Bd4 Rd8 33.
Bf2 b3 34. g4 Bc2 35. Ng2 Ba5 36. Ne3 Bd2# 0-1

[Event "SG Bochum 2 - SV Welper 1"]
[Site "NRW-Klasse - Gruppe 1 2019/20"]
[Date "2019.09.08"]
[Round "1.6"]
[White "Zeldin, Vitali"]
[Black "Conrad, Joachim"]
[Result "1-0"]
[WhiteElo "1946"]
[BlackElo "2004"]
[PlyCount "193"]
[EventDate "2019.??.??"]
[SourceVersionDate "2020.03.16"]
[WhiteTeam "SG Bochum 2"]
[BlackTeam "SV Welper 1"]

1. e4 d5 2. exd5 Qxd5 3. Nc3 Qa5 4. Nf3 Nf6 5. Be2 Bf5 6. d3 e6 7. O-O c6 8.
Nh4 Bg6 9. Nxg6 hxg6 10. h3 Bd6 11. Bd2 Qe5 12. f4 Qd4+ 13. Kh1 Nh5 14. Bxh5
Rxh5 15. Ne4 Bf8 16. Rb1 Na6 17. a3 Nc7 18. Qe2 Qd7 19. Be3 Nd5 20. Bg1 Bd6 21.
Bh2 Be7 22. c4 Nf6 23. Ng5 Ng8 24. Ne4 Nf6 25. Rbd1 Kf8 26. b4 Rd8 27. Bg1 b6
28. Qf3 Qc8 29. g4 Rh8 30. Kg2 Qc7 31. Nd2 Rd7 32. Nb3 Kg8 33. Nd4 c5 34. Nb5
Qb7 35. bxc5 bxc5 36. Qxb7 Rxb7 37. Rb1 Kh7 38. Nc3 Rhb8 39. a4 Rb2+ 40. Kf3
R8b3 41. Rxb2 Rxb2 42. Rb1 Rc2 43. Rb3 g5 44. fxg5 Nd7 45. Be3 Ne5+ 46. Ke4 Nc6
47. Nd1 Nb4 48. Rb2 Kg6 49. h4 f5+ 50. gxf6 gxf6 51. h5+ Kf7 52. Rxc2 Nxc2 53.
Bf2 Nb4 54. d4 cxd4 55. Bxd4 a6 56. Nf2 Nc6 57. Bc3 Bc5 58. Nd3 Ba7 59. c5 a5
60. Be1 Bb8 61. Bc3 Bc7 62. Nc1 Bd8 63. Ne2 Ne7 64. Nd4 Nd5 65. Bd2 f5+ 66.
gxf5 Nf6+ 67. Kd3 exf5 68. Nxf5 Nxh5 69. Nd6+ Ke6 70. Nb7 Bc7 71. Kc4 Nf6 72.
Bxa5 Kd7 73. Bxc7 Kxc7 74. Nd6 Kc6 75. Nb5 Ne8 76. Nd4+ Kb7 77. Kd5 Nf6+ 78.
Kc4 Ne8 79. Nf5 Kc6 80. Ne7+ Kd7 81. Nd5 Kc6 82. Nb4+ Kb7 83. a5 Nc7 84. c6+
Kc8 85. Kc5 Ne8 86. Kb6 Nc7 87. a6 Kb8 88. a7+ Kc8 89. Na6 Na8+ 90. Kc5 Kd8 91.
Kd6 Kc8 92. Nb4 Nc7 93. Kc5 Ne6+ 94. Kc4 Nc7 95. Nd5 Na8 96. Kb5 Kd8 97. Ka6
1-0

[Event "SG Bochum 2 - SV Welper 1"]
[Site "NRW-Klasse - Gruppe 1 2019/20"]
[Date "2019.09.08"]
[Round "1.7"]
[White "Schaller, Torsten"]
[Black "Fistoul, Boris"]
[Result "1-0"]
[WhiteElo "1947"]
[BlackElo "2046"]
[PlyCount "53"]
[EventDate "2019.??.??"]
[SourceVersionDate "2020.03.16"]
[WhiteTeam "SV Welper 1"]
[BlackTeam "SG Bochum 2"]

1. e4 e6 2. d4 b6 3. Bd3 Bb7 4. Qe2 Be7 5. Nf3 Nf6 6. O-O O-O 7. Re1 d6 8. Nbd2
Re8 9. Nf1 Nbd7 10. Ng3 g6 11. Bg5 c5 12. c3 c4 13. Bxf6 cxd3 14. Bxe7 Qxe7 15.
Qxd3 e5 16. Rad1 Rad8 17. h3 Nf6 18. dxe5 dxe5 19. Qc4 h5 20. h4 Nd7 21. Qc7
Bc8 22. Rd5 f6 23. Red1 a5 24. Nf1 Kf8 25. Ne3 Nc5 26. Qxb6 Ne6 27. Qxa5 1-0

[Event "SG Bochum 2 - SV Welper 1"]
[Site "NRW-Klasse - Gruppe 1 2019/20"]
[Date "2019.09.08"]
[Round "1.8"]
[White "Gluma, Christian"]
[Black "Marx, Patrick"]
[Result "0-1"]
[WhiteElo "1896"]
[BlackElo "1926"]
[PlyCount "78"]
[EventDate "2019.??.??"]
[SourceVersionDate "2020.03.16"]
[WhiteTeam "SG Bochum 2"]
[BlackTeam "SV Welper 1"]

1. e4 c6 2. Nf3 d5 3. exd5 cxd5 4. Ne5 Nf6 5. Bb5+ Nbd7 6. d4 Qa5+ 7. Nc3 a6 8.
Nxd7 Nxd7 9. Bd3 b5 10. Bd2 b4 11. Ne2 e6 12. a3 Qb6 13. axb4 Bxb4 14. c3 Bd6
15. Qc2 a5 16. Bxh7 Ba6 17. Nf4 Bxf4 18. Bxf4 Qb5 19. O-O-O Qc6 20. Rhe1 a4 21.
Bd3 Nb6 22. Kd2 Bxd3 23. Qxd3 Nc4+ 24. Kc2 Qb5 25. Rb1 Qb3+ 26. Kc1 a3 27. bxa3
Qxa3+ 28. Kc2 Qa2+ 29. Kc1 Qxf2 30. Qg3 Qxg3 31. Bxg3 O-O 32. Re2 Ra3 33. Kc2
Rfa8 34. Kd3 Ra1 35. Ree1 Rxb1 36. Rxb1 Ra2 37. Bf4 Rxg2 38. Rb7 Rf2 39. Bc1
Rxh2 0-1

[Event "SK Münster 2 - Schach Nienberge 1"]
[Site "NRW-Klasse - Gruppe 1 2019/20"]
[Date "2019.09.08"]
[Round "1.1"]
[White "Mikeladze, Berdia"]
[Black "Ortmeier, Leonhard"]
[Result "1/2-1/2"]
[WhiteElo "2450"]
[BlackElo "2206"]
[PlyCount "111"]
[EventDate "2019.??.??"]
[SourceVersionDate "2020.03.16"]
[WhiteTeam "Schach Nienberge 1"]
[BlackTeam "SK Münster 2"]

1. Nf3 Nf6 2. d4 d5 3. e3 c5 4. c3 Nc6 5. Bd3 Bg4 6. Nbd2 e6 7. O-O Be7 8. h3
Bh5 9. dxc5 Bxc5 10. e4 Rc8 11. exd5 Nxd5 12. Ne4 Be7 13. Ng3 Bg6 14. Bxg6 hxg6
15. Qe2 Qc7 16. Rd1 O-O 17. c4 Nf6 18. b3 Rfd8 19. Bb2 Qf4 20. Ne5 Nxe5 21.
Bxe5 Qg5 22. Bd4 b6 23. Rd3 Nh5 24. Nxh5 Qxh5 25. Qxh5 gxh5 26. Rad1 Rd7 27.
Be5 Rxd3 28. Rxd3 Rd8 29. Rxd8+ Bxd8 30. b4 f6 31. Bb8 Kf7 32. c5 bxc5 33. bxc5
Ke7 34. Bxa7 Kd7 35. Kf1 Kc6 36. Ke2 Kb7 37. Bb6 Bxb6 38. cxb6 Kxb6 39. Kd3 Kb5
40. Kd4 Kb4 41. f4 h4 42. Ke4 Ka3 43. Kf3 Kxa2 44. Kg4 Kb3 45. Kxh4 Kc3 46. Kg4
Kd3 47. Kf3 e5 48. fxe5 fxe5 49. Kf2 Kd2 50. Kf3 Kd3 51. Kf2 e4 52. Ke1 Ke3 53.
h4 g6 54. g4 Kf4 55. h5 gxh5 56. gxh5 1/2-1/2

[Event "SK Münster 2 - Schach Nienberge 1"]
[Site "NRW-Klasse - Gruppe 1 2019/20"]
[Date "2019.09.08"]
[Round "1.2"]
[White "Quante, Lennart"]
[Black "Gottkehaskamp, Philipp"]
[Result "1-0"]
[WhiteElo "2085"]
[BlackElo "2071"]
[PlyCount "80"]
[EventDate "2019.??.??"]
[SourceVersionDate "2020.03.16"]
[WhiteTeam "SK Münster 2"]
[BlackTeam "Schach Nienberge 1"]

1. Nf3 Nf6 2. d4 g6 3. c4 Bg7 4. Nc3 O-O 5. e4 d6 6. Be2 e5 7. O-O Nc6 8. d5
Ne7 9. b4 Ne8 10. Nd2 f5 11. c5 Nf6 12. f3 g5 13. Nc4 f4 14. g4 fxg3 15. hxg3
h6 16. Kg2 Ng6 17. Rh1 Rf7 18. Be3 Bf8 19. Rc1 Rh7 20. Qg1 Ne8 21. cxd6 Nxd6
22. Kf1 Qf6 23. Qf2 a6 24. Nxd6 Bxd6 25. Bc5 h5 26. Bxd6 Qxd6 27. Qc5 Bd7 28.
Nd1 Rf8 29. Qxd6 cxd6 30. Ke1 Rc8 31. Rxc8+ Bxc8 32. Ne3 b5 33. Kf2 h4 34. Rc1
hxg3+ 35. Kxg3 Rh3+ 36. Kf2 Bd7 37. Rc7 Rh2+ 38. Ke1 Bh3 39. Bf1 Rh1 40. Kf2
Nf4 1-0

[Event "SK Münster 2 - Schach Nienberge 1"]
[Site "NRW-Klasse - Gruppe 1 2019/20"]
[Date "2019.09.08"]
[Round "1.3"]
[White "Emiroglu, Murat"]
[Black "Borrink, Joern"]
[Result "0-1"]
[WhiteElo "2156"]
[BlackElo "2144"]
[PlyCount "72"]
[EventDate "2019.??.??"]
[SourceVersionDate "2020.03.16"]
[WhiteTeam "Schach Nienberge 1"]
[BlackTeam "SK Münster 2"]

1. e4 e6 2. d4 d5 3. exd5 exd5 4. Bd3 Bd6 5. c3 Nf6 6. Ne2 c6 7. Qc2 Bg4 8. Bg5
Nbd7 9. h3 Bxe2 10. Qxe2+ Qe7 11. Qxe7+ Kxe7 12. O-O Rhe8 13. Nd2 h6 14. Be3
Kf8 15. Rfe1 Ne4 16. Nxe4 dxe4 17. Bc2 f5 18. Bd2 Nf6 19. c4 f4 20. Bc3 e3 21.
Kf1 Re7 22. Bg6 Rd8 23. Rad1 b5 24. d5 cxd5 25. cxb5 Bc5 26. b4 exf2 27. Rxe7
Bxe7 28. Bd4 Rd7 29. a3 Rc7 30. Bxf2 Ne4 31. b6 axb6 32. Bxb6 Ng3+ 33. Kf2 Rc6
34. Rd4 Rxg6 35. Rxf4+ Ke8 36. Rd4 Ne4+ 0-1

[Event "SK Münster 2 - Schach Nienberge 1"]
[Site "NRW-Klasse - Gruppe 1 2019/20"]
[Date "2019.09.08"]
[Round "1.4"]
[White "Virnyi, Julius"]
[Black "Ringwelski, Marius"]
[Result "1-0"]
[WhiteElo "2041"]
[BlackElo "1989"]
[PlyCount "91"]
[EventDate "2019.??.??"]
[SourceVersionDate "2020.03.16"]
[WhiteTeam "SK Münster 2"]
[BlackTeam "Schach Nienberge 1"]

1. d4 d5 2. c4 c6 3. Nf3 Nf6 4. Qb3 g6 5. g3 Bg7 6. Bg2 O-O 7. O-O a5 8. cxd5
a4 9. Qd1 cxd5 10. Nc3 Qa5 11. a3 Nc6 12. Ne5 Rd8 13. Bd2 Qa7 14. Nxc6 bxc6 15.
e3 Ba6 16. Re1 Bc4 17. Na2 c5 18. dxc5 Qxc5 19. Bb4 Qa7 20. Bc3 Ne4 21. Bxg7
Kxg7 22. Nb4 Rd7 23. Rc1 e6 24. Nc6 Bb3 25. Qd3 Qb7 26. Bxe4 dxe4 27. Qc3+ Kg8
28. Ne5 Rdd8 29. Ng4 h5 30. Nf6+ Kf8 31. Nh7+ Kg8 32. Nf6+ Kf8 33. Qe5 Ra7 34.
Nh7+ Kg8 35. Nf6+ Kf8 36. Nxe4 Bd5 37. Qh8+ Ke7 38. Qf6+ Ke8 39. Red1 Raa8 40.
Qh8+ Ke7 41. Qf6+ Ke8 42. Qh8+ Ke7 43. Qe5 Rac8 44. Rxc8 Qxc8 45. Qf6+ Ke8 46.
Ng5 1-0

[Event "SK Münster 2 - Schach Nienberge 1"]
[Site "NRW-Klasse - Gruppe 1 2019/20"]
[Date "2019.09.08"]
[Round "1.5"]
[White "Gottkehaskamp, Stefan"]
[Black "Austrup, David"]
[Result "1/2-1/2"]
[WhiteElo "2043"]
[BlackElo "1960"]
[PlyCount "65"]
[EventDate "2019.??.??"]
[SourceVersionDate "2020.03.16"]
[WhiteTeam "Schach Nienberge 1"]
[BlackTeam "SK Münster 2"]

1. d4 Nf6 2. Nf3 g6 3. Bg5 Bg7 4. Nbd2 O-O 5. c3 d6 6. e4 c5 7. dxc5 dxc5 8.
Be2 Nc6 9. h3 Qc7 10. O-O Rd8 11. Qc2 b6 12. Rfe1 Bb7 13. Bh4 Ne5 14. Bg3 Nxf3+
15. Bxf3 e5 16. Nc4 Ne8 17. Rad1 Qe7 18. Qa4 Nd6 19. Ne3 b5 20. Qc2 Rac8 21.
Nd5 Bxd5 22. Rxd5 Nc4 23. Qe2 Rxd5 24. exd5 Re8 25. Be4 Nd6 26. Bc2 f5 27. f3
Qb7 28. Rd1 a6 29. Bf2 Qc7 30. a4 c4 31. axb5 axb5 32. Ra1 e4 33. Re1 1/2-1/2

[Event "SK Münster 2 - Schach Nienberge 1"]
[Site "NRW-Klasse - Gruppe 1 2019/20"]
[Date "2019.09.08"]
[Round "1.6"]
[White "Kamp, Aaron"]
[Black "Kemper, Georg"]
[Result "1-0"]
[WhiteElo "1894"]
[BlackElo "1985"]
[Annotator "Daniel"]
[PlyCount "139"]
[EventDate "2019.??.??"]
[SourceVersionDate "2020.03.16"]
[WhiteTeam "SK Münster 2"]
[BlackTeam "Schach Nienberge 1"]

1. e4 e6 2. d4 d5 3. exd5 exd5 4. Nf3 Nc6 5. c3 Bd6 6. Bd3 Nge7 7. O-O Bg4 8.
Re1 Qd7 9. h3 Bh5 10. Bg5 f6 11. Bh4 O-O-O 12. c4 Nxd4 13. Nbd2 Bb4 14. g4
Nxf3+ 15. Qxf3 Bg6 16. Re2 Bxd2 17. Rxd2 Kb8 18. Rad1 Qa4 19. b3 Qb4 20. cxd5
Rxd5 21. Bg3 Rhd8 22. Qe3 Nc6 23. Bf4 Ne5 24. Be2 Rxd2 25. Rxd2 Qxd2 26. Qxd2
Rxd2 27. Bxd2 Bb1 28. a3 Nc6 29. Bc3 Bc2 30. b4 Be4 31. f4 Ne7 32. g5 Nd5 33.
gxf6 gxf6 34. Bd2 Kc8 35. Kf2 Kd7 36. Kg3 b6 37. Bg4+ f5 38. Be2 c5 39. Kh4 Bg2
40. Kg3 Bh1 41. b5 Nf6 42. Be1 Bd5 43. Kh4 h6 44. Bc3 Ke6 45. Be5 Bb3 46. Bb8
c4 47. Be5 Ne4 48. Bf3 Nd6 49. Bc6 Bd1 50. Bg7 h5 51. Be5 Be2 52. Bd4 $11 Ne4
53. Bxe4 fxe4 54. Kg5 Kd5 55. Bc3 e3 56. f5 Bd3 57. f6 Ke6 58. Kxh5 Kf7 59. Kg5
Bc2 60. h4 Ba4 61. h5 Bc2 62. Kf4 e2 63. Ke5 Bd3 64. Kd5 e1=Q 65. Bxe1 Kxf6 66.
Bd2 c3 67. Bxc3+ Kg5 68. Kc6 Kxh5 69. Be5 Kg6 70. Bb8 1-0

[Event "SK Münster 2 - Schach Nienberge 1"]
[Site "NRW-Klasse - Gruppe 1 2019/20"]
[Date "2019.09.08"]
[Round "1.7"]
[White "Haas, Kai"]
[Black "Kamp, Adrian"]
[Result "0-1"]
[WhiteElo "1928"]
[BlackElo "1947"]
[PlyCount "112"]
[EventDate "2019.??.??"]
[SourceVersionDate "2020.03.16"]
[WhiteTeam "Schach Nienberge 1"]
[BlackTeam "SK Münster 2"]

1. e4 c5 2. Nf3 d6 3. d4 cxd4 4. Nxd4 Nf6 5. f3 g6 6. c4 Bg7 7. Nc3 O-O 8. Be3
Nc6 9. Be2 Nxd4 10. Bxd4 b6 11. O-O Bb7 12. Qd2 Qd7 13. Rfd1 Rfd8 14. Rac1 e6
15. Nb5 Bc6 16. Qc3 Qe7 17. Qa3 a6 18. Nc3 Qb7 19. Qb4 Rab8 20. Rd2 Bh6 21.
Bxf6 Bxd2 22. Rd1 Be3+ 23. Kh1 Bc5 24. Qb3 Re8 25. Qc2 d5 26. cxd5 exd5 27.
exd5 Bd7 28. Bd3 Rbc8 29. Be4 Qc7 30. Qc1 Bd6 31. Qh6 Bf8 32. Qh4 b5 33. a3 Qd6
34. Bb1 Bg7 35. Bxg7 Kxg7 36. h3 f5 37. Qg5 Qf6 38. Qd2 Qd6 39. Qd4+ Qe5 40.
Qa7 Qd6 41. Qd4+ Kg8 42. Ba2 Re7 43. Kg1 Rce8 44. Kf2 h6 45. g3 Kh7 46. h4 Re5
47. Rd2 Re1 48. Ne4 fxe4 49. Kxe1 Qxg3+ 50. Kd1 Qxf3+ 51. Kc1 e3 52. Rd1 e2 53.
Re1 Rc8+ 54. Kd2 Qf5 55. Bb1 Qf1 56. Rxe2 Qc1+ 0-1

[Event "SK Münster 2 - Schach Nienberge 1"]
[Site "NRW-Klasse - Gruppe 1 2019/20"]
[Date "2019.09.08"]
[Round "1.8"]
[White "Hartmann, Steffen"]
[Black "Keller, Dirk"]
[Result "1/2-1/2"]
[WhiteElo "1933"]
[BlackElo "1926"]
[Annotator "Daniel"]
[PlyCount "49"]
[EventDate "2019.??.??"]
[SourceVersionDate "2020.03.16"]
[WhiteTeam "SK Münster 2"]
[BlackTeam "Schach Nienberge 1"]

1. e4 c6 2. d4 d5 3. Nd2 dxe4 4. Nxe4 Nd7 5. Nf3 Ngf6 6. Ng3 e6 7. Bd3 c5 8.
Qe2 Be7 9. O-O O-O 10. c3 b6 11. Bg5 Bb7 12. Rad1 Nd5 13. Qe4 g6 14. Bxe7 Qxe7
15. Bb1 N7f6 16. Qh4 c4 $11 17. Ng5 Kg7 18. Rfe1 h6 19. Nf3 Rfe8 20. Re2 Ng8
21. Qg4 Kf8 22. Rde1 h5 23. Qg5 Qxg5 24. Nxg5 Nf4 25. Re5 1/2-1/2

[Event "SC Hansa Dortmund 2 - Bielefelder SK 1"]
[Site "NRW-Klasse - Gruppe 1 2019/20"]
[Date "2019.09.08"]
[Round "1.1"]
[White "Forchert, Martin"]
[Black "Sundorf, Jannik"]
[Result "0-1"]
[WhiteElo "2284"]
[BlackElo "2135"]
[PlyCount "88"]
[EventDate "2019.??.??"]
[SourceVersionDate "2020.03.16"]
[WhiteTeam "Bielefelder SK 1"]
[BlackTeam "SC Hansa Dortmund 2"]

1. e4 c5 2. Nf3 Nc6 3. Bb5 g6 4. Bxc6 dxc6 5. d3 Bg7 6. h3 e5 7. a4 a5 8. Na3
Qc7 9. O-O Ne7 10. Be3 b6 11. Qd2 h6 12. Nh2 g5 13. h4 f6 14. Qe2 Be6 15. g3
O-O-O 16. f4 gxf4 17. gxf4 f5 18. Nf3 exf4 19. Bc1 Rhg8 20. Kh2 fxe4 21. dxe4
Bg4 22. Qa6+ Qb7 23. Qxb7+ Kxb7 24. Nc4 Ng6 25. h5 Bxh5 26. Ra3 Bg4 27. Rg1 h5
28. Rb3 Ka7 29. Rxb6 Bxf3 30. Rxg6 Rd1 31. Bxf4 Rh1+ 32. Kg3 Rg1+ 33. Kxf3 Rxg6
34. Rb3 Rf8 35. Ne3 h4 36. Nf5 h3 37. Rd3 Bxb2 38. Rd7+ Ka6 39. Rh7 Rh8 40.
Rxh8 Bxh8 41. Bg3 Bd4 42. e5 Re6 43. Ke4 Bxe5 44. Bxe5 h2 0-1

[Event "SC Hansa Dortmund 2 - Bielefelder SK 1"]
[Site "NRW-Klasse - Gruppe 1 2019/20"]
[Date "2019.09.08"]
[Round "1.2"]
[White "Schiefelbusch, Dirk"]
[Black "Simon, Hans Christian"]
[Result "1/2-1/2"]
[WhiteElo "2072"]
[BlackElo "2167"]
[PlyCount "29"]
[EventDate "2019.??.??"]
[SourceVersionDate "2020.03.16"]
[WhiteTeam "SC Hansa Dortmund 2"]
[BlackTeam "Bielefelder SK 1"]

1. b4 d5 2. e3 Nf6 3. Bb2 Bg4 4. Be2 Bxe2 5. Qxe2 c6 6. Nf3 e6 7. a3 Nbd7 8.
O-O Bd6 9. c4 O-O 10. Nc3 Qe7 11. d4 dxc4 12. Qxc4 e5 13. dxe5 Nxe5 14. Nxe5
Bxe5 15. Rfd1 1/2-1/2

[Event "SC Hansa Dortmund 2 - Bielefelder SK 1"]
[Site "NRW-Klasse - Gruppe 1 2019/20"]
[Date "2019.09.08"]
[Round "1.3"]
[White "Goeßling, Guido"]
[Black "Berndt, Joachim"]
[Result "1-0"]
[WhiteElo "2133"]
[BlackElo "2051"]
[PlyCount "51"]
[EventDate "2019.??.??"]
[SourceVersionDate "2020.03.16"]
[WhiteTeam "Bielefelder SK 1"]
[BlackTeam "SC Hansa Dortmund 2"]

1. e4 c5 2. Nf3 Nc6 3. d4 cxd4 4. Nxd4 Nf6 5. Nc3 d6 6. Bg5 e6 7. Qd2 a6 8.
O-O-O Bd7 9. f4 Be7 10. Be2 b5 11. Bf3 b4 12. Nce2 Qb6 13. e5 dxe5 14. fxe5 Nd5
15. Bxd5 exd5 16. Nxc6 Bxg5 17. Qxg5 Qxc6 18. Qxg7 O-O-O 19. Nd4 Qc4 20. Kb1
Rhg8 21. Qxf7 Rxg2 22. e6 Be8 23. Qf3 Rg5 24. Rhe1 Bh5 25. Qf6 Bxd1 26. e7 1-0

[Event "SC Hansa Dortmund 2 - Bielefelder SK 1"]
[Site "NRW-Klasse - Gruppe 1 2019/20"]
[Date "2019.09.08"]
[Round "1.4"]
[White "Burchert, Wolfgang"]
[Black "Roemhild, Marcus"]
[Result "1/2-1/2"]
[WhiteElo "1983"]
[BlackElo "2039"]
[PlyCount "49"]
[EventDate "2019.??.??"]
[SourceVersionDate "2020.03.16"]
[WhiteTeam "SC Hansa Dortmund 2"]
[BlackTeam "Bielefelder SK 1"]

1. e4 g6 2. d4 Bg7 3. Nf3 d6 4. Bc4 Nf6 5. Qe2 O-O 6. O-O c6 7. a4 Bg4 8. h3
Bxf3 9. Qxf3 Nbd7 10. Nc3 e5 11. dxe5 Nxe5 12. Qe2 Nxc4 13. Qxc4 Re8 14. Qd3 d5
15. exd5 Nxd5 16. Nxd5 Qxd5 17. Qxd5 cxd5 18. Be3 d4 19. Bd2 f5 20. Rfe1 Kf7
21. Kf1 Rac8 22. Rxe8 Kxe8 23. Rc1 Kd7 24. Ke2 Ke6 25. Kd3 1/2-1/2

[Event "SC Hansa Dortmund 2 - Bielefelder SK 1"]
[Site "NRW-Klasse - Gruppe 1 2019/20"]
[Date "2019.09.08"]
[Round "1.5"]
[White "Doering, Carsten"]
[Black "Linker, Walter"]
[Result "1/2-1/2"]
[WhiteElo "1993"]
[BlackElo "2002"]
[PlyCount "34"]
[EventDate "2019.??.??"]
[SourceVersionDate "2020.03.16"]
[WhiteTeam "Bielefelder SK 1"]
[BlackTeam "SC Hansa Dortmund 2"]

1. d4 Nf6 2. c4 e5 3. dxe5 Ng4 4. Bf4 g5 5. Bg3 Bg7 6. Nf3 Nc6 7. Nc3 Ngxe5 8.
Nxe5 Nxe5 9. e3 d6 10. c5 Bg4 11. f3 Be6 12. cxd6 cxd6 13. Bb5+ Kf8 14. O-O Rc8
15. Rc1 Qb6 16. Bf2 Nc4 17. Bxc4 Rxc4 1/2-1/2

[Event "SC Hansa Dortmund 2 - Bielefelder SK 1"]
[Site "NRW-Klasse - Gruppe 1 2019/20"]
[Date "2019.09.08"]
[Round "1.6"]
[White "Hillebrand, Carsten"]
[Black "Danielmeier, Ralf"]
[Result "0-1"]
[WhiteElo "1936"]
[BlackElo "2012"]
[PlyCount "92"]
[EventDate "2019.??.??"]
[SourceVersionDate "2020.03.16"]
[WhiteTeam "SC Hansa Dortmund 2"]
[BlackTeam "Bielefelder SK 1"]

1. Nf3 g6 2. g3 Bg7 3. Bg2 d5 4. d4 Nf6 5. O-O c6 6. a4 O-O 7. Na3 Ne4 8. c4
Be6 9. Qc2 Na6 10. Be3 Rc8 11. c5 b6 12. Rfd1 bxc5 13. dxc5 Qa5 14. Ng5 Nxg5
15. Bxg5 Rfe8 16. Be3 Rb8 17. Bd4 Bxd4 18. Rxd4 Qxc5 19. Qd2 Rb4 20. Rxb4 Qxb4
21. Qxb4 Nxb4 22. Rc1 Rc8 23. Rc5 Kf8 24. h4 Ke8 25. Kh2 Kd7 26. Bh3 Bxh3 27.
Kxh3 Kd6 28. Rc1 Rb8 29. Rd1 e5 30. Nc4+ Ke6 31. Ne3 Na6 32. Rc1 Kd6 33. Rd1
Rb4 34. a5 d4 35. Rd2 Nc5 36. Nd1 Nb3 37. Rc2 Nxa5 38. f4 e4 39. Nf2 f5 40. h5
Rc4 41. hxg6 hxg6 42. Rxc4 Nxc4 43. Nd1 a5 44. g4 a4 45. gxf5 gxf5 46. Kh4 Ne3
0-1

[Event "SC Hansa Dortmund 2 - Bielefelder SK 1"]
[Site "NRW-Klasse - Gruppe 1 2019/20"]
[Date "2019.09.08"]
[Round "1.7"]
[White "Schnitker, Rainer"]
[Black "Begna, Bozidar"]
[Result "1/2-1/2"]
[WhiteElo "2028"]
[BlackElo "1775"]
[PlyCount "84"]
[EventDate "2019.??.??"]
[SourceVersionDate "2020.03.16"]
[WhiteTeam "Bielefelder SK 1"]
[BlackTeam "SC Hansa Dortmund 2"]

1. Nf3 Nf6 2. g3 b5 3. a4 b4 4. Bg2 Bb7 5. c4 c5 6. O-O e6 7. d4 cxd4 8. Nxd4
Bxg2 9. Kxg2 Nc6 10. b3 Bc5 11. Bb2 Qe7 12. e3 O-O 13. Nd2 Na5 14. Qf3 Rad8 15.
e4 d6 16. Rad1 Nd7 17. Rfe1 Ne5 18. Qe2 Nec6 19. Nxc6 Nxc6 20. Nf3 Qc7 21. Ba1
e5 22. Rf1 f5 23. exf5 Rxf5 24. Nh4 Rff8 25. f4 exf4 26. gxf4 Qf7 27. Qg4 Qd7
28. f5 Rf7 29. Qg3 Re8 30. Rfe1 Rxe1 31. Rxe1 Bd4 32. Bxd4 Nxd4 33. Qd3 Qc6+
34. Kg1 Qc5 35. Re8+ Rf8 36. Rxf8+ Kxf8 37. Kf1 Qe5 38. Nf3 Qxf5 39. Qxd4 Qxf3+
40. Kg1 Qxb3 41. Qxd6+ Kf7 42. Qf4+ Kg6 1/2-1/2

[Event "SC Hansa Dortmund 2 - Bielefelder SK 1"]
[Site "NRW-Klasse - Gruppe 1 2019/20"]
[Date "2019.09.08"]
[Round "1.8"]
[White "Kokkinis, Ioannis"]
[Black "Moellering, Richard"]
[Result "1-0"]
[WhiteElo "1720"]
[BlackElo "1984"]
[PlyCount "79"]
[EventDate "2019.??.??"]
[SourceVersionDate "2020.03.16"]
[WhiteTeam "SC Hansa Dortmund 2"]
[BlackTeam "Bielefelder SK 1"]

1. e4 e5 2. Nf3 Nf6 3. Nc3 Nc6 4. Bc4 Nxe4 5. Nxe4 d5 6. Bd3 dxe4 7. Bxe4 Bg4
8. Bxc6+ bxc6 9. Qe2 Bd6 10. Qe4 Bd7 11. O-O O-O 12. b3 f5 13. Qc4+ Kh8 14. d4
exd4 15. Qxd4 c5 16. Qc3 Bc6 17. Bb2 Rf6 18. Ne5 Bxe5 19. Qxe5 Rg6 20. f3 Qg5
21. g3 Re8 22. Qxc5 h5 23. Bc1 Qf6 24. Bf4 Bxf3 25. Rae1 Rxe1 26. Rxe1 Be4 27.
Qxa7 Qc3 28. Qf2 Rc6 29. Re2 Rc5 30. Bd2 Qxc2 31. Bb4 Qb1+ 32. Re1 Rc1 33. Rxc1
Qxc1+ 34. Qe1 Qc2 35. Qd2 Qb1+ 36. Kf2 Qh1 37. Ke3 Qg1+ 38. Qf2 Qc1+ 39. Qd2
Qc6 40. Bc3 1-0